header

The birth of the Khalsa (Record no. 188084)

MARC details
000 -LEADER
fixed length control field 01417nam a2200361Ia 4500
082 04 - DEWEY DECIMAL CLASSIFICATION NUMBER
Classification number 294.6/65
100 1# - MAIN ENTRY--AUTHOR NAME
Personal name Singh, Nikky-Guninder Kaur.
245 14 - TITLE STATEMENT
Title The birth of the Khalsa
260 ## - PUBLICATION, DISTRIBUTION, ETC. (IMPRINT)
Place of publication Albany :
Name of publisher State University of New York Press,
Year of publication 2005.
300 ## - PHYSICAL DESCRIPTION
Number of Pages xxv, 224 p.
490 1# - SERIES STATEMENT
Series statement SUNY series in religious studies
650 #0 - SUBJECT ADDED ENTRY--TOPICAL TERM
Topical Term Khalsa (Sect)
Topical Term Women in Sikhism.
856 40 - ELECTRONIC LOCATION AND ACCESS
Uniform Resource Identifier http://site.ebrary.com/lib/rucke/Doc?id=10579170

No items available.

© 2026 Rongo University
Contact us: librarian | system librarian | Rongo university